000 00257nam a22001217a 4500
008 181019b xxu||||| |||| 00| 0 eng d
041 _aeng
080 _a370
100 _a48
101 _aedu
245 _aCollege Handbook
_cMarius.R
942 _2udc
_cBK
999 _c50171
_d50171